[Event "Famalicao op 10th"]
[Site "Vila Nova de Famalicao"]
[Date "2023.07.28"]
[Round "7"]
[White "Silva, Daniel Frederico V"]
[Black "Afonso, Joao Pedro"]
[Result "0-1"]
[WhiteElo "1639"]
[BlackElo "1880"]
[PlyCount "92"]
[EventDate "2023.07.24"]
[EventType "swiss"]
[EventRounds "9"]
[EventCountry "POR"]
[SourceTitle "EXT 2024"]
[Source "ChessBase"]
[SourceDate "2023.10.10"]
[SourceVersion "1"]
[SourceVersionDate "2023.10.10"]
[SourceQuality "1"]

1. d4 Nf6 2. Bf4 g6 3. Nc3 Bg7 4. e4 d6 5. Qd2 c6 6. a4 0-0 7. Be2 Qa5 8. Nf3 b5 9. b4 Qxb4 10. axb5 c5 11. Rb1 Nxe4 12. Rxb4 Nxd2 13. Ra4 cxd4 14. Nd5 Ne4 15. Nc7 Nc3 16. Ra3 Bb7 17. Nxa8 Bxa8 18. Bd2 a6 19. Bxc3 dxc3 20. 0-0 Bxf3 21. Bxf3 axb5 22. Ra7 e6 23. Rb1 d5 24. Rc7 Be5 25. Rc5 b4 26. Be2 Bd6 27. Ra5 Rd8 28. Bb5 Nd7 29. Bxd7 Rxd7 30. f4 Rb7 31. g3 Kg7 32. Ra2 d4 33. Rd1 Bc5 34. Kf1 b3 35. cxb3 Rxb3 36. Ke2 h5 37. Kd3 Rb4 38. Rc1 Be7 39. Ra7 Bf6 40. Ra2 Rb5 41. h3 e5 42. fxe5 Rxe5 43. Rf2 Re3+ 44. Kc2 d3+ 45. Kb3 d2 46. Rcf1 Re1 0-1

[Event "Famalicao op 10th"]
[Site "Vila Nova de Famalicao"]
[Date "2023.07.27"]
[Round "6"]
[White "Afonso, Joao Pedro"]
[Black "Duque, Raquel Dos Santos"]
[Result "1/2-1/2"]
[WhiteElo "1880"]
[BlackElo "1688"]
[PlyCount "93"]
[EventDate "2023.07.24"]
[EventType "swiss"]
[EventRounds "9"]
[EventCountry "POR"]
[SourceTitle "EXT 2024"]
[Source "ChessBase"]
[SourceDate "2023.10.10"]
[SourceVersion "1"]
[SourceVersionDate "2023.10.10"]
[SourceQuality "1"]

1. e4 e5 2. Nf3 Nf6 3. Nxe5 d6 4. Nf3 Nxe4 5. d4 d5 6. Bd3 Bd6 7. 0-0 0-0 8. c4 c6 9. Qb3 Na6 10. cxd5 cxd5 11. Nc3 Be6 12. a3 Nc7 13. Re1 Re8 14. Be3 f5 15. Nb5 Nxb5 16. Bxb5 Rf8 17. Bd3 Qe7 18. Qd1 h6 19. Ne5 Bxe5 20. dxe5 f4 21. Bd4 f3 22. g3 Ng5 23. Qd2 Nh3+ 24. Kh1 h5 25. Rac1 b6 26. Bf1 h4 27. Bxh3 Bxh3 28. Kg1 hxg3 29. fxg3 Rf7 30. Bf2 Qe6 31. Qc3 Rc8 32. Qxc8+ Qxc8 33. Rxc8+ Bxc8 34. Rc1 Ba6 35. Bd4 Bd3 36. Kf2 Bc4 37. Rc3 Rf8 38. b3 Be2 39. e6 Re8 40. Rc7 Rxe6 41. Rxg7+ Kf8 42. Rxa7 Bd1 43. Be3 Rc6 44. Ra8+ Kf7 45. Ra7+ Kf8 46. Ra8+ Kf7 47. Ra7+ 1/2-1/2

[Event "POR-ch U14/20"]
[Site "Fatima"]
[Date "2022.04.11"]
[Round "2"]
[White "Afonso, Joao Pedro"]
[Black "Goncalves, Ruan Lucas Alves"]
[Result "0-1"]
[WhiteElo "1501"]
[BlackElo "1963"]
[PlyCount "70"]
[EventDate "2022.04.10"]
[EventType "swiss"]
[EventRounds "9"]
[EventCountry "POR"]
[SourceTitle "EXT 2023"]
[Source "ChessBase"]
[SourceDate "2022.10.05"]
[SourceVersion "1"]
[SourceVersionDate "2022.10.05"]
[SourceQuality "1"]

1. e4 e5 2. Nf3 Nc6 3. Bb5 a6 4. Ba4 Nf6 5. 0-0 Be7 6. Re1 b5 7. Bb3 d6 8. c3 0-0 9. h3 Na5 10. Bc2 c5 11. d4 Qc7 12. Nbd2 Bd7 13. d5 Nb7 14. b3 c4 15. bxc4 Na5 16. Bb3 Nxc4 17. Bxc4 bxc4 18. Qe2 Rfc8 19. Nf1 Qa5 20. Qb2 Rab8 21. Qa3 Rc5 22. Qxa5 Rxa5 23. Bg5 h6 24. Bxf6 Bxf6 25. Ne3 Ra4 26. Nd2 Bb5 27. Reb1 Rc8 28. Nf5 Rd8 29. Rb2 Bg5 30. Nf3 g6 31. Ng3 Be7 32. Nd2 Rd7 33. Ndf1 Bd8 34. Nh5 Bb6 35. Nhg3 Rc7 0-1